| 000 | 00881cam a2200205 4500 | ||
|---|---|---|---|
| 001 | WS118704 | ||
| 008 | 020704n 000 0 eng u | ||
| 035 | _a(Sirsi) u118704 | ||
| 245 | _aLIFE - Environment homepage | ||
| 520 | _aWeb site for this body whose objective is to implement EU environment policies and legislation for the promotion of sustainable development. It provides support for both industry and local authorities. Includes links to their database which lists projects selected during 1995-2000 and how to apply for funding. | ||
| 650 | _aEUROPE | ||
| 650 | _aINTERNATIONAL | ||
| 650 | _aFUNDING | ||
| 650 | _aSUSTAINABLE DEVELOPMENT | ||
| 650 | _aEUROPEAN UNION | ||
| 650 | _aMINERALS | ||
| 690 | _aENVIRONMENTAL AND LAND CONSULTANCY | ||
| 856 | 4 | 0 |
_uhttps://europa.eu.int/comm/life/envir/ _zView the website free of charge at europa.eu.int... |
| 942 | _n0 | ||
| 999 |
_c120077 _d120077 |
||